Estado de la conservación y distribución de la biodiversidad de agua dulce en los andes tropicales (Registro nro. 19334)
[ vista simple ]
| 000 -CABECERA | |
|---|---|
| Campo de control | 00924nam a22002657a 4500 |
| 005 - FECHA Y HORA DE LA ULTIMA TRANSACCION | |
| Campo de control | 20180803170352.0 |
| 008 - ELEMENTOS DE LONGITUD FIJA—INFORMACION GENERAL | |
| Campo de control | 170216b2016 xxu||||| |||| 00| 0 spa d |
| 020 ## - ISBN | |
| ISBN | 9782831717913 |
| 040 ## - FUENTE DE CATALOGACIÓN | |
| Agencia catalogadora original | CO-BoIAVH |
| Agencia transcriptora | CO-BoIAVH |
| 041 ## - IDIOMA | |
| Código de idioma para texto/pista de sonido o título separado | Español |
| 044 ## - PAÍS DE PUBLICACIÓN | |
| País de publicación | Estados Unidos |
| 082 1# - NUMERO DE CLASIFICACION DECIMAL DEWEY | |
| Número de clasificación | 333.9516 |
| Número del ítem | T57e |
| 245 00 - MENCION DE TITULO | |
| Título | Estado de la conservación y distribución de la biodiversidad de agua dulce en los andes tropicales |
| 260 ## - PUBLICACION, DISTRIBUCION, ETC. (PIE DE IMPRENTA) | |
| Lugar de publicación, distribución, etc. | Arlington, Estados Unidos: |
| Nombre del editor, distribuidor, etc. | UICN, |
| Fecha de publicación, distribución, etc. | 2016. |
| 300 ## - DESCRIPCION FISICA | |
| Extensión | 199 p. |
| Otros detalles físicos | tablas, mapas y fotografías a color |
| 650 1# - ASIENTO SECUNDARIO DE MATERIA - TERMINO TEMATICO | |
| Término temático o nombre geográfico como elemento de entrada | Andes tropicales |
| 9 (RLIN) | 79752 |
| 650 #0 - ASIENTO SECUNDARIO DE MATERIA - TERMINO TEMATICO | |
| Término temático o nombre geográfico como elemento de entrada | Especies amanazadas |
| Subdivisión general | peces |
| 9 (RLIN) | 80404 |
| 650 #0 - ASIENTO SECUNDARIO DE MATERIA - TERMINO TEMATICO | |
| Término temático o nombre geográfico como elemento de entrada | Peces de agua dulce |
| 9 (RLIN) | 96784 |
| 700 1# - ASIENTO SECUNDARIO - NOMBRE PERSONAL | |
| Nombre personal | Lasso-Alcalá, Carlos A. |
| Término de relación | editor |
| 9 (RLIN) | 80406 |
| 700 1# - ASIENTO SECUNDARIO - NOMBRE PERSONAL | |
| Nombre personal | Tognelli, Marcelo |
| Término de relación | editor |
| 9 (RLIN) | 79756 |
| 700 1# - ASIENTO SECUNDARIO - NOMBRE PERSONAL | |
| Nombre personal | Bota Sierra, Cornelio |
| Término de relación | editor |
| 9 (RLIN) | 79757 |
| 700 1# - ASIENTO SECUNDARIO - NOMBRE PERSONAL | |
| Nombre personal | Jimenez Segura, Luz |
| Término de relación | editora |
| 9 (RLIN) | 79758 |
| 700 1# - ASIENTO SECUNDARIO - NOMBRE PERSONAL | |
| Nombre personal | Cox, Neil |
| Término de relación | editor |
| 9 (RLIN) | 79759 |
| 942 ## - ELEMENTOS ADICIONALES (KOHA) | |
| Sistema de clasificación | Dewey Decimal Classification |
| Tipo de ítem | Libro |
| Withdrawn status | Lost status | Sistema de Clasificación | Damaged status | No para préstamo | Colección | Inventariado | Ubicación Permanente | Ubicación actual | Fecha de adquisición | Fuente de Valor | Valor | Total Checkouts | Número topográfico | Inventario / Código de Barras | Date last seen | Ejemplar | Price effective from | Forma de adquisición | Tipo de material |
|---|---|---|---|---|---|---|---|---|---|---|---|---|---|---|---|---|---|---|---|
| Dewey Decimal Classification | General | Inventariado 2017 | Bogotá | Bogotá | 16/02/2017 | Instituto | 39000.00 | LB-333.9516 T57e | 042456 | 16/02/2017 | Ej. 1 | 16/02/2017 | Donación | Libro |